1388 1874 1767 1623 1375 1592 1457 1633 1784 1020 1373 1460 1347 1112 1621 1415 1923 1533 1151 1759 1399 1601 1455 1784 1984 1198 1023 1334 1832 1619 1324 1462 1323 1936 1150 1001 1045 1406 1838 1738 1994 1177 1595 1388 1959 1880 1041 1529 1336 1839 1158 1036 1443 1704 1632 1101 1377 1644 1792 1399 1039 1032 1621 1445 1025 1444 1123 1388 1923 1848 1532 1180 1229 1883 1856 1770 1561 1976 1363 1138 1704 1573 1062 1394 1052 1539 1192 1495 1543 1441 1659 1294 1013 1401 1690 1766 1122 1220 1299 BCNSPRNW ULIB Ver.6.0+V

เปลี่ยนเป็นภาษาไทย

Change to English
 แสดงรายละเอียดบรรณานุกรม
  กลับหน้าหลัก

Brief Record : Get Marc (ISO 2709) : E-mail record : QR code < ปิดหน้าต่าง
LEADER : 00000nam 2200000uu 4500
001    13399114385
003     ULIB
008    110404s||||||||th 000 0 tha d
020    9786165083164
060 04 WB327^bป652ร
100 0  ปุญญิศา จิตร์มุ่ง
245 00 รู้ทันโรค รักษ์สุขภาพ รักครอบครัว/^cปุญญิศา จิตร์มุ่ง
250    พิมพ์ครั้งที่ 1
260    กรุงเทพฯ :^bแสงดาว,^c2554
300    277 หน้า
650  7 การดูแลสุขภาพด้วยตนเอง
650  7 สุขภาพ
650  7 ครอบครัว
945    ^p220^l0^i031469
945    ^p220^l0^i031470
945    ^p220^l0^i031471
945    ^p220^l0^i031472
945    ^p220^l0^i031473
945    ^p220^l0^i031474
995    ทศพร
999 ^a ใช้งานได้ทุกระบบ
รายการนี้ยังไม่มีแท็ก
คุณยังไม่ได้ล็อกอิน คุณสามารถมีกิจกรรมร่วมกับเว็บไซต์ได้ แต่ต้องล็อกอินก่อน ::
  ล็อกอิน

รายการสื่อสารสนเทศ

ลำดับที่ ประเภท เลขเรียก/บาร์โค้ด สถานที่ สถานะ
1. วิทยาศาสตร์การแพทย์ และสุขภาพ
หนังสือสำรอง
สถานะ=หนังสือสำรอง
WB327 ป652ร ฉ.1 
  Barcode: 031469
ห้องสมุดวิทยาเขตสวรรค์ประชารักษ์
►ส่วนจัดเก็บหนังสือเก่า สปร
บนชั้น
  ขอยืม
2. วิทยาศาสตร์การแพทย์ และสุขภาพ
วิทยาศาสตร์การแพทย์ และสุขภาพ
WB327 ป652ร ฉ.2 
  Barcode: 031470
ห้องสมุดวิทยาเขตสวรรค์ประชารักษ์
►ส่วนจัดเก็บหนังสือเก่า สปร
บนชั้น
  ขอยืม
3. วิทยาศาสตร์การแพทย์ และสุขภาพ
วิทยาศาสตร์การแพทย์ และสุขภาพ
WB327 ป652ร ฉ.3 
  Barcode: 031471
ห้องสมุดวิทยาเขตสวรรค์ประชารักษ์
►ส่วนจัดเก็บหนังสือเก่า สปร
บนชั้น
  ขอยืม
4. วิทยาศาสตร์การแพทย์ และสุขภาพ
วิทยาศาสตร์การแพทย์ และสุขภาพ
WB327 ป652ร ฉ.4 
  Barcode: 031472
ห้องสมุดวิทยาเขตสวรรค์ประชารักษ์
►ส่วนจัดเก็บหนังสือเก่า สปร
บนชั้น
  ขอยืม
5. วิทยาศาสตร์การแพทย์ และสุขภาพ
วิทยาศาสตร์การแพทย์ และสุขภาพ
WB327 ป652ร ฉ.6 
  Barcode: 031474
ห้องสมุดวิทยาเขตสวรรค์ประชารักษ์
►ส่วนจัดเก็บหนังสือเก่า สปร
บนชั้น
  ขอยืม

รายการใกล้เคียง
    ผู้แต่ง [ปุญญิศา จิตร์มุ่ง]

    หัวเรื่อง [การดูแลสุขภาพด้วยตนเอง]
    หัวเรื่อง [สุขภาพ]
    หัวเรื่อง [ครอบครัว]

BibComment


ยังไม่เคยถูกคอมเมนท์

คอมเมนท์ทรัพยากรรายการนี้
  คอมเมนท์: รู้ทันโรค รักษ์สุ..


 Copyright 2026. Bcnsprnw @Library